| 000 | 02100nam a2200481 i 4500 | ||
|---|---|---|---|
| 001 | ebr10799845 | ||
| 003 | CaPaEBR | ||
| 006 | m o d | ||
| 007 | cr cn||||||||| | ||
| 008 | 130510t20132013lau ob 001 0 eng|d | ||
| 020 | _z9780807154106 (pbk. : alk. paper) | ||
| 020 | _a9780807154113 (e-book) | ||
| 040 |
_aCaPaEBR _beng _erda _epn _cCaPaEBR |
||
| 035 | _a(OCoLC)862745841 | ||
| 043 | _ae-sp--- | ||
| 050 | 1 | 4 |
_aDP104 _b.A64 2013eb |
| 082 | 0 | 4 |
_a305.6/970903 _223 |
| 100 | 1 |
_aAmelang, James S., _d1952- |
|
| 245 | 1 | 0 |
_aParallel histories : _bMuslims and Jews in inquisitorial Spain / _cJames S. Amelang. |
| 264 | 1 |
_aBaton Rouge : _bLouisiana State University Press, _c[2013] |
|
| 264 | 4 | _c�2013 | |
| 300 | _a1 online resource (222 pages) | ||
| 336 |
_atext _2rdacontent |
||
| 337 |
_acomputer _2rdamedia |
||
| 338 |
_aonline resource _2rdacarrier |
||
| 504 | _aIncludes bibliographical references and index. | ||
| 505 | 0 | _apart I. The Moriscos and the end of Muslim Spain -- part II. From Jews to Christians. | |
| 588 | _aDescription based on print version record. | ||
| 590 | _aElectronic reproduction. Palo Alto, Calif. : ebrary, 2013. Available via World Wide Web. Access may be limited to ebrary affiliated libraries. | ||
| 650 | 0 |
_aMoriscos _zSpain _xHistory. |
|
| 650 | 0 |
_aMarranos _zSpain _xHistory. |
|
| 650 | 0 |
_aMuslims _zSpain _xHistory. |
|
| 650 | 0 |
_aJews _zSpain _xHistory. |
|
| 650 | 0 |
_aReligious tolerance _zSpain _xHistory. |
|
| 650 | 0 |
_aConversion _xChristianity _xHistory. |
|
| 651 | 0 |
_aSpain _xHistory _yHouse of Austria, 1516-1700. |
|
| 651 | 0 |
_aSpain _xHistory _yFerdinand and Isabella, 1479-1516. |
|
| 651 | 0 |
_aSpain _xChurch history. |
|
| 655 | 0 | _aElectronic books. | |
| 776 | 0 | 8 |
_iPrint version: _aAmelang, James S. _tParallel histories : Muslims and Jews in inquisitorial Spain. _dBaton Rouge : Louisiana State University Press, [2013] _hxi, 207 pages _z9780807154106 _w(DLC) 2013016065 |
| 797 | 2 | _aebrary. | |
| 856 | 4 | 0 |
_uhttp://site.ebrary.com/lib/rucke/Doc?id=10799845 _zAn electronic book accessible through the World Wide Web; click to view |
| 999 |
_c140972 _d140972 |
||